| 000 | 00355nam a22001577a 4500 | ||
|---|---|---|---|
| 003 | SGT | ||
| 020 | _a 9788180388446 | ||
| 082 | _a346.30954,SIN | ||
| 100 | _aSINGH,AVTAR | ||
| 245 | _aINTRODUCTION TO THE LAW OF TORT AND CONSUMER | ||
| 250 | _a3RD | ||
| 260 |
_aGURGAON _bLEXIS AND NEXIS _c2013 |
||
| 300 | _a363 | ||
| 650 | _aTORT | ||
| 942 |
_2ddc _cBK _02 |
||
| 999 |
_c9602 _d9602 |
||